000 00969nem a2200241 u 4500
005 20160516155013.0
008 160516b1988 c ||||| |a|| 00| 0 spa d
040 _aCO-BoIAVH
_cCO-BoIAVH
041 _aspa
044 _ack
090 _aMC-
_b0239
110 2 _aInstituto Geográfico Agustín Codazzí.
_968465
245 1 _aRepublico de Colombia Departamento del Atlántico.
_cInstituto Geográfico Agustín Codazzí, Ministerio de Hacienda y Crédito Público
_h[Material Cartografico]/
255 _a1:100.000
260 _aBogotá :
_bIGAC,
_c1988
300 _a1 mapa :
_bcolor ;
_c99 x 69 cm
650 1 6 _aGeografía
_zAtlántico (Colombia)
_968466
650 1 6 _aInfraestructura
_zAtlántico (Colombia)
_968467
650 1 6 _a Recursos de la tierra
_zAtlántico (Colombia)
_968468
650 1 6 _aDivisiones Administrativas y Políticas
_zAtlántico (Colombia)
_968469
710 1 _aColombia
_bMinisterio de Hacienda y Crédito Público
_968470
942 _2z
_cMapa
999 _c18594
_d18594